[Event "ODJM A 2017"]
[Site "Willingen GER"]
[Date "2017.06.08"]
[Round "7"]
[White "Wenninger, Philipp"]
[Black "Weber, Daniel"]
[Result "1-0"]
[Termination "normal"]
[Board "3"]
[WhiteElo "2345"]
[BlackElo "2058"]
[WhiteClock "00:01:43"]
[BlackClock "00:01:59"]
[PlyCount "257"]
[WhiteFideId "4648404"]
[BlackFideId "24615498"]
[EventCountry "GER"]
[EventRounds "9"]
[EventType "swiss"]
[EventDate "2017.06.03"]

1. d4 {[%clk 1:30:55]} 1... e6 {[%clk 1:30:39]} 2. c4 {[%clk 1:30:49]} 2... f5
{[%clk 1:31:03]} 3. g3 {[%clk 1:30:38]} 3... Nf6 {[%clk 1:30:56]} 4. Bg2 {
[%clk 1:31:05]} 4... d5 {[%clk 1:30:22]} 5. Nf3 {[%clk 1:23:56]} 5... c6 {
[%clk 1:28:35]} 6. O-O {[%clk 1:24:19]} 6... Bd6 {[%clk 1:27:46]} 7. Nc3 {
[%clk 1:22:26]} 7... O-O {[%clk 1:27:08]} 8. Qc2 {[%clk 1:21:12]} 8... Ne4 {
[%clk 1:25:47]} 9. b3 {[%clk 1:16:29]} 9... Nd7 {[%clk 1:21:28]} 10. Bb2 {
[%clk 1:16:53]} 10... Qe7 {[%clk 1:18:38]} 11. Rad1 {[%clk 1:08:55]} 11... Kh8
{[%clk 1:08:20]} 12. Nd2 {[%clk 1:00:12]} 12... Ndf6 {[%clk 1:06:38]} 13. Ndxe4
{[%clk 0:53:51]} 13... Nxe4 {[%clk 1:02:14]} 14. Nxe4 {[%clk 0:54:13]} 14...
fxe4 {[%clk 1:02:36]} 15. f3 {[%clk 0:54:13]} 15... exf3 {[%clk 1:01:54]} 16.
exf3 {[%clk 0:48:35]} 16... Bd7 {[%clk 0:55:22]} 17. Rde1 {[%clk 0:45:36]}
17... Qf7 {[%clk 0:53:30]} 18. f4 {[%clk 0:44:45]} 18... Rfe8 {[%clk 0:44:07]}
19. Re3 {[%clk 0:39:11]} 19... Rac8 {[%clk 0:41:29]} 20. c5 {[%clk 0:38:54]}
20... Bc7 {[%clk 0:39:18]} 21. Rfe1 {[%clk 0:38:18]} 21... g6 {[%clk 0:35:07]}
22. Bh3 {[%clk 0:30:10]} 22... Re7 {[%clk 0:32:56]} 23. Bc3 {[%clk 0:29:58]}
23... Kg7 {[%clk 0:29:33]} 24. Qe2 {[%clk 0:28:47]} 24... Rce8 {[%clk 0:29:48]}
25. b4 {[%clk 0:28:57]} 25... Kg8 {[%clk 0:23:25]} 26. Bg2 {[%clk 0:26:19]}
26... Qf5 {[%clk 0:19:57]} 27. a4 {[%clk 0:24:06]} 27... a6 {[%clk 0:11:40]}
28. Bf3 {[%clk 0:19:01]} 28... Qf6 {[%clk 0:10:48]} 29. Bg4 {[%clk 0:17:38]}
29... Kg7 {[%clk 0:10:48]} 30. Kg2 {[%clk 0:16:15]} 30... Bb8 {[%clk 0:10:01]}
31. Bd2 {[%clk 0:09:21]} 31... Bc7 {[%clk 0:10:03]} 32. h4 {[%clk 0:08:42]}
32... h5 {[%clk 0:09:05]} 33. Bh3 {[%clk 0:07:47]} 33... Kf8 {[%clk 0:08:34]}
34. Qd3 {[%clk 0:05:03]} 34... Kg7 {[%clk 0:07:42]} 35. Kh2 {[%clk 0:04:05]}
35... Kf7 {[%clk 0:03:33]} 36. R3e2 {[%clk 0:03:54]} 36... Bd8 {[%clk 0:03:01]}
37. Kh1 {[%clk 0:03:22]} 37... Bc7 {[%clk 0:03:09]} 38. Bc1 {[%clk 0:02:13]}
38... Bd8 {[%clk 0:02:06]} 39. Re5 {[%clk 0:01:29]} 39... Bc7 {[%clk 0:02:02]}
40. R5e2 {[%clk 0:01:14]} 40... Bd8 {[%clk 0:01:38]} 41. Re5 {[%clk 0:00:35]}
41... Bc7 {[%clk 0:01:59]} 42. R5e3 {[%clk 0:23:04]} 42... Kg7 {[%clk 0:29:15]}
43. R1e2 {[%clk 0:22:02]} 43... Bd8 {[%clk 0:25:26]} 44. Kg1 {[%clk 0:20:25]}
44... Bc7 {[%clk 0:25:19]} 45. Re1 {[%clk 0:20:32]} 45... Bd8 {[%clk 0:24:27]}
46. Re5 {[%clk 0:19:52]} 46... Kf8 {[%clk 0:21:13]} 47. Rg5 {[%clk 0:16:27]}
47... Rg7 {[%clk 0:16:23]} 48. Rge5 {[%clk 0:16:38]} 48... Rge7 {[%clk 0:16:09]
} 49. Bf1 {[%clk 0:16:36]} 49... Bc7 {[%clk 0:16:07]} 50. R5e3 {[%clk 0:16:57]}
50... Qf5 {[%clk 0:15:37]} 51. Qc3 {[%clk 0:16:30]} 51... Qf6 {[%clk 0:15:46]}
52. Bd3 {[%clk 0:16:41]} 52... Rg7 {[%clk 0:15:06]} 53. Qc2 {[%clk 0:14:48]}
53... Kg8 {[%clk 0:13:37]} 54. Kg2 {[%clk 0:13:54]} 54... Rf8 {[%clk 0:12:07]}
55. R3e2 {[%clk 0:11:56]} 55... Ra8 {[%clk 0:10:25]} 56. Qb1 {[%clk 0:10:43]}
56... b5 {[%clk 0:08:01]} 57. Be3 {[%clk 0:09:29]} 57... Rb8 {[%clk 0:07:20]}
58. axb5 {[%clk 0:09:37]} 58... axb5 {[%clk 0:07:42]} 59. Ra2 {[%clk 0:09:52]}
59... Rc8 {[%clk 0:06:10]} 60. Qc2 {[%clk 0:10:03]} 60... Kf7 {[%clk 0:05:57]}
61. Rea1 {[%clk 0:10:24]} 61... Bb8 {[%clk 0:05:40]} 62. Ra6 {[%clk 0:10:28]}
62... Rgg8 {[%clk 0:05:04]} 63. R1a2 {[%clk 0:10:05]} 63... Qg7 {[%clk 0:04:53]
} 64. Qb1 {[%clk 0:10:06]} 64... Qf6 {[%clk 0:05:20]} 65. Qa1 {[%clk 0:10:12]}
65... Qd8 {[%clk 0:05:14]} 66. Rb6 {[%clk 0:10:14]} 66... Bc7 {[%clk 0:04:05]}
67. Rb7 {[%clk 0:10:02]} 67... Rb8 {[%clk 0:04:27]} 68. Raa7 {[%clk 0:09:07]}
68... Rxb7 {[%clk 0:04:41]} 69. Rxb7 {[%clk 0:09:35]} 69... Bc8 {[%clk 0:04:25]
} 70. Ra7 {[%clk 0:10:02]} 70... Bd7 {[%clk 0:02:40]} 71. Qa6 {[%clk 0:08:27]}
71... Bb8 {[%clk 0:01:45]} 72. Rb7 {[%clk 0:08:26]} 72... Qc8 {[%clk 0:02:03]}
73. Qb6 {[%clk 0:07:09]} 73... Kf6 {[%clk 0:01:57]} 74. Kh2 {[%clk 0:05:48]}
74... Re8 {[%clk 0:02:00]} 75. Kg2 {[%clk 0:03:26]} 75... Rg8 {[%clk 0:02:25]}
76. Kf3 {[%clk 0:03:13]} 76... Rh8 {[%clk 0:02:31]} 77. Qa6 {[%clk 0:03:09]}
77... Rg8 {[%clk 0:02:34]} 78. Bd2 {[%clk 0:01:54]} 78... Rh8 {[%clk 0:02:40]}
79. Bc2 {[%clk 0:02:10]} 79... Rg8 {[%clk 0:02:51]} 80. Bb1 {[%clk 0:02:39]}
80... Rh8 {[%clk 0:03:09]} 81. Be3 {[%clk 0:02:02]} 81... Rg8 {[%clk 0:03:26]}
82. Bd3 {[%clk 0:02:30]} 82... Rh8 {[%clk 0:03:49]} 83. Qb6 {[%clk 0:02:01]}
83... Rg8 {[%clk 0:04:05]} 84. Kf2 {[%clk 0:02:26]} 84... Rh8 {[%clk 0:04:13]}
85. f5 {[%clk 0:01:18]} 85... gxf5 {[%clk 0:04:18]} 86. Rxb8 {[%clk 0:00:53]}
86... Qxb8 {[%clk 0:04:42]} 87. Bf4 {[%clk 0:01:18]} 87... Qc8 {[%clk 0:03:44]}
88. Be5+ {[%clk 0:01:40]} 88... Kg6 {[%clk 0:03:51]} 89. Bxh8 {[%clk 0:00:50]}
89... Qxh8 {[%clk 0:04:18]} 90. Ke3 {[%clk 0:01:01]} 90... Qh6+ {[%clk 0:04:42]
} 91. Ke2 {[%clk 0:01:25]} 91... Qc1 {[%clk 0:04:55]} 92. Qd8 {[%clk 0:01:31]}
92... Qb2+ {[%clk 0:05:12]} 93. Ke3 {[%clk 0:01:32]} 93... Qc1+ {[%clk 0:05:31]
} 94. Ke2 {[%clk 0:01:40]} 94... Qb2+ {[%clk 0:05:35]} 95. Ke3 {[%clk 0:02:06]}
95... Qc1+ {[%clk 0:06:00]} 96. Kf3 {[%clk 0:01:39]} 96... Qh1+ {[%clk 0:05:57]
} 97. Kf4 {[%clk 0:01:11]} 97... Qc1+ {[%clk 0:05:32]} 98. Ke5 {[%clk 0:01:03]}
98... Qe3+ {[%clk 0:05:14]} 99. Kd6 {[%clk 0:01:26]} 99... Qxd3 {[%clk 0:05:31]
} 100. Qg8+ {[%clk 0:01:28]} 100... Kh6 {[%clk 0:04:34]} 101. Qh8+ { [%clk
0:01:50]} 101... Kg6 {[%clk 0:05:00]} 102. Qg8+ {[%clk 0:01:43]} 102... Kh6
{[%clk 0:05:26]} 103. Qh8+ {[%clk 0:02:10]} 103... Kg6 {[%clk 0:05:01]} 104.
Kxd7 {[%clk 0:02:35]} 104... Qa3 {[%clk 0:03:50]} 105. Qg8+ { [%clk 0:02:54]}
105... Kf6 {[%clk 0:03:27]} 106. Qf8+ {[%clk 0:03:14]} 106... Kg6 {[%clk
0:03:52]} 107. Qg8+ {[%clk 0:03:42]} 107... Kf6 {[%clk 0:04:18]} 108. Qxe6+
{[%clk 0:04:08]} 108... Kg7 {[%clk 0:04:43]} 109. Qe7+ { [%clk 0:04:32]} 109...
Kg8 {[%clk 0:04:34]} 110. Qg5+ {[%clk 0:04:47]} 110... Kh7 {[%clk 0:04:34]}
111. Qxf5+ {[%clk 0:04:11]} 111... Kg7 {[%clk 0:04:47]} 112. Qe5+ {[%clk
0:03:39]} 112... Kg8 {[%clk 0:04:20]} 113. Kxc6 { [%clk 0:01:54]} 113... Qxb4
{[%clk 0:04:28]} 114. Qxd5+ {[%clk 0:02:11]} 114... Kf8 {[%clk 0:04:41]} 115.
Qf5+ {[%clk 0:02:35]} 115... Kg7 {[%clk 0:05:04]} 116. d5 {[%clk 0:02:18]}
116... Qa4 {[%clk 0:03:53]} 117. d6 {[%clk 0:01:40]} 117... b4+ {[%clk
0:04:12]} 118. Kb6 {[%clk 0:01:31]} 118... b3 {[%clk 0:03:50] } 119. d7 {[%clk
0:01:36]} 119... Qb4+ {[%clk 0:03:39]} 120. Kc7 { [%clk 0:01:54]} 120... Qa5+
{[%clk 0:02:48]} 121. Kd6 {[%clk 0:02:04]} 121... Qd2+ {[%clk 0:02:38]} 122.
Kc6 {[%clk 0:01:33]} 122... b2 {[%clk 0:01:59]} 123. Qe5+ {[%clk 0:01:50]}
123... Kh7 {[%clk 0:01:33]} 124. Qxh5+ {[%clk 0:01:46]} 124... Kg7 {[%clk
0:01:58]} 125. Qe5+ {[%clk 0:02:09]} 125... Kh7 { [%clk 0:02:23]} 126. Qe7+
{[%clk 0:02:17]} 126... Kg6 {[%clk 0:02:35]} 127. Qe8+ {[%clk 0:01:47]} 127...
Kf5 {[%clk 0:02:34]} 128. d8=Q {[%clk 0:01:39]} 128... Qg2+ {[%clk 0:01:59]}
129. Qd5+ {[%clk 0:01:43]  Ke4} 1-0

[Event "ODJM A 2017"]
[Site "Willingen GER"]
[Date "2017.06.08"]
[Round "7"]
[White "Arndt, Magnus"]
[Black "Parvanyan, Ashot"]
[Result "1/2-1/2"]
[Termination "normal"]
[Board "4"]
[WhiteElo "2017"]
[BlackElo "2326"]
[WhiteClock "00:31:21"]
[BlackClock "00:07:25"]
[PlyCount "43"]
[WhiteFideId "12998656"]
[BlackFideId "13307550"]
[EventCountry "GER"]
[EventRounds "9"]
[EventType "swiss"]
[EventDate "2017.06.03"]

1. e4 {[%clk 1:30:58]} 1... e6 {[%clk 1:30:46]} 2. d4 {[%clk 1:31:22]} 2... d5
{[%clk 1:31:13]} 3. Nc3 {[%clk 1:31:45]} 3... Bb4 {[%clk 1:31:04]} 4. Nge2 {
[%clk 1:32:10]} 4... dxe4 {[%clk 1:19:56]} 5. a3 {[%clk 1:31:08]} 5... Bxc3+ {
[%clk 1:20:00]} 6. Nxc3 {[%clk 1:31:30]} 6... Nc6 {[%clk 1:20:10]} 7. Bb5 {
[%clk 1:31:51]} 7... Nge7 {[%clk 1:20:31]} 8. Bg5 {[%clk 1:31:24]} 8... f6 {
[%clk 1:19:40]} 9. Be3 {[%clk 1:31:49]} 9... O-O {[%clk 1:18:20]} 10. Qd2 {
[%clk 1:31:08]} 10... f5 {[%clk 1:08:57]} 11. O-O-O {[%clk 1:30:35]} 11... Nd5
{[%clk 1:09:00]} 12. Bxc6 {[%clk 1:22:43]} 12... bxc6 {[%clk 0:56:48]} 13. Bf4
{[%clk 1:15:50]} 13... Nb6 {[%clk 0:49:44]} 14. f3 {[%clk 1:10:09]} 14... Rb8 {
[%clk 0:48:45]} 15. b3 {[%clk 1:05:01]} 15... Qe7 {[%clk 0:28:47]} 16. Nb1 {
[%clk 1:00:26]} 16... Nd5 {[%clk 0:28:48]} 17. fxe4 {[%clk 0:58:24]} 17... fxe4
{[%clk 0:29:07]} 18. Bg5 {[%clk 0:43:52]} 18... Qd6 {[%clk 0:27:47]} 19. Rhf1 {
[%clk 0:37:00]} 19... h6 {[%clk 0:16:03]} 20. Bxh6 {[%clk 0:32:30]} 20... gxh6
{[%clk 0:10:52]} 21. Qxh6 {[%clk 0:32:32]} 21... Rf5 {[%clk 0:07:25]} 22. g4 {
[%clk 0:31:21]} 1/2-1/2

[Event "ODJM A 2017"]
[Site "Willingen GER"]
[Date "2017.06.08"]
[Round "7"]
[White "Zell, Mirjam"]
[Black "Hecht, Carsten"]
[Result "0-1"]
[Termination "normal"]
[Board "5"]
[WhiteElo "1669"]
[BlackElo "2232"]
[WhiteClock "00:39:39"]
[BlackClock "00:28:20"]
[PlyCount "92"]
[WhiteFideId "16208544"]
[BlackFideId "24693928"]
[EventCountry "GER"]
[EventRounds "9"]
[EventType "swiss"]
[EventDate "2017.06.03"]

1. c4 {[%clk 1:30:53]} 1... Nf6 {[%clk 1:30:22]} 2. g3 {[%clk 1:30:45]} 2... e5
{[%clk 1:28:47]} 3. Bg2 {[%clk 1:30:51]} 3... c6 {[%clk 1:29:09]} 4. Nf3 {
[%clk 1:30:51]} 4... d6 {[%clk 1:18:04]} 5. Nc3 {[%clk 1:30:22]} 5... g6 {
[%clk 1:16:16]} 6. O-O {[%clk 1:29:17]} 6... Bg7 {[%clk 1:15:38]} 7. e4 { [%clk
1:29:34]} 7... O-O {[%clk 1:11:11]} 8. d4 {[%clk 1:27:26]} 8... exd4 { [%clk
1:09:05]} 9. Nxd4 {[%clk 1:27:42]} 9... Re8 {[%clk 1:00:48]} 10. Rb1 { [%clk
1:24:25]} 10... Nbd7 {[%clk 0:41:30]} 11. Re1 {[%clk 1:16:25]} 11... a5 { [%clk
0:39:38]} 12. Bf4 {[%clk 1:05:43]} 12... Ne5 {[%clk 0:38:52]} 13. b3 { [%clk
1:04:46]} 13... Nfd7 {[%clk 0:37:30]} 14. Be3 {[%clk 0:57:02]} 14... Nc5 {[%clk
0:35:25]} 15. Rf1 {[%clk 0:54:00]} 15... Ne6 {[%clk 0:28:07]} 16. Qd2 { [%clk
0:48:54]} 16... Qf6 {[%clk 0:22:00]} 17. Nce2 {[%clk 0:42:41]} 17... Nxd4
{[%clk 0:21:51]} 18. Nxd4 {[%clk 0:42:29]} 18... Ng4 {[%clk 0:19:55]} 19. Nc2 {
[%clk 0:36:19]} 19... Nxe3 {[%clk 0:18:08]} 20. Nxe3 {[%clk 0:35:49]} 20... Rd8
{[%clk 0:14:37]} 21. Qe2 {[%clk 0:29:13]} 21... a4 {[%clk 0:12:49]} 22. Kh1 {
[%clk 0:27:32]} 22... axb3 {[%clk 0:13:06]} 23. axb3 {[%clk 0:26:59]} 23... Ra3
{[%clk 0:10:53]} 24. f4 {[%clk 0:22:46]} 24... Qc3 {[%clk 0:10:54]} 25. Rfc1 {
[%clk 0:22:42]} 25... Qa5 {[%clk 0:10:44]} 26. Nc2 {[%clk 0:19:58]} 26... Ra2 {
[%clk 0:10:52]} 27. Qd3 {[%clk 0:20:09]} 27... Qc3 {[%clk 0:09:37]} 28. Qxc3 {
[%clk 0:19:45]} 28... Bxc3 {[%clk 0:10:06]} 29. Ne1 {[%clk 0:18:51]} 29... Bf6
{[%clk 0:07:53]} 30. Rc2 {[%clk 0:18:20]} 30... Ra3 {[%clk 0:07:54]} 31. Bf3 {
[%clk 0:16:59]} 31... Be6 {[%clk 0:08:06]} 32. Rd2 {[%clk 0:16:23]} 32... Bc3 {
[%clk 0:07:58]} 33. Rd3 {[%clk 0:16:08]} 33... Bxe1 {[%clk 0:08:06]} 34. Rxe1 {
[%clk 0:16:27]} 34... Bxc4 {[%clk 0:08:30]} 35. Rd4 {[%clk 0:15:19]} 35... Rxb3
{[%clk 0:07:27]} 36. Kg2 {[%clk 0:13:15]} 36... b5 {[%clk 0:06:38]} 37. Red1 {
[%clk 0:12:29]} 37... Rb2+ {[%clk 0:05:13]} 38. Kg1 {[%clk 0:12:06]} 38... Be2
{[%clk 0:04:57]} 39. Bxe2 {[%clk 0:12:14]} 39... Rxe2 {[%clk 0:05:23]} 40. Rxd6
{[%clk 0:12:25]} 40... Rxd6 {[%clk 0:05:47]} 41. Rxd6 {[%clk 0:12:19]} 41... c5
{[%clk 0:02:52]} 42. e5 {[%clk 0:11:07]} 42... c4 {[%clk 0:00:34]} 43. Kf1 {
[%clk 0:10:34]} 43... Rxh2 {[%clk 0:29:24]} 44. Ke1 {[%clk 0:40:59]} 44... b4 {
[%clk 0:28:12]} 45. Kd1 {[%clk 0:40:16]} 45... b3 {[%clk 0:28:11]} 46. Rb6 {
[%clk 0:39:39]} 46... b2 {[%clk 0:28:20]} 0-1

[Event "ODJM A 2017"]
[Site "Willingen GER"]
[Date "2017.06.08"]
[Round "7"]
[White "Ciolek, Andreas"]
[Black "Diller, Daniel"]
[Result "1-0"]
[Termination "normal"]
[Board "6"]
[WhiteElo "2184"]
[BlackElo "1976"]
[WhiteClock "00:05:17"]
[BlackClock "00:03:35"]
[PlyCount "65"]
[WhiteFideId "12906727"]
[BlackFideId "12908983"]
[EventCountry "GER"]
[EventRounds "9"]
[EventType "swiss"]
[EventDate "2017.06.03"]

1. e4 {[%clk 1:30:57]} 1... e6 {[%clk 1:30:51]} 2. d4 {[%clk 1:30:41]} 2... d5
{[%clk 1:31:13]} 3. Nc3 {[%clk 1:31:09]} 3... Bb4 {[%clk 1:31:30]} 4. e5 {
[%clk 1:31:07]} 4... c5 {[%clk 1:31:49]} 5. a3 {[%clk 1:31:34]} 5... Bxc3+ {
[%clk 1:32:13]} 6. bxc3 {[%clk 1:31:57]} 6... Ne7 {[%clk 1:32:34]} 7. Qg4 {
[%clk 1:32:22]} 7... cxd4 {[%clk 1:32:52]} 8. Qxg7 {[%clk 1:30:12]} 8... Rg8 {
[%clk 1:32:47]} 9. Qxh7 {[%clk 1:30:36]} 9... Qc7 {[%clk 1:33:03]} 10. Ne2 {
[%clk 1:31:00]} 10... Nbc6 {[%clk 1:33:07]} 11. f4 {[%clk 1:31:20]} 11... dxc3
{[%clk 1:33:19]} 12. h4 {[%clk 1:31:37]} 12... Bd7 {[%clk 1:24:13]} 13. h5 {
[%clk 1:31:40]} 13... O-O-O {[%clk 1:18:05]} 14. Qd3 {[%clk 1:29:36]} 14... d4
{[%clk 1:04:19]} 15. h6 {[%clk 1:29:18]} 15... Rg6 {[%clk 1:02:59]} 16. h7 {
[%clk 1:05:37]} 16... Rh8 {[%clk 1:02:54]} 17. Ng3 {[%clk 0:56:58]} 17... Nf5 {
[%clk 0:46:45]} 18. Ne4 {[%clk 0:57:21]} 18... Nxe5 {[%clk 0:43:53]} 19. fxe5 {
[%clk 0:57:12]} 19... Qxe5 {[%clk 0:43:30]} 20. Qf3 {[%clk 0:49:55]} 20... Ng3
{[%clk 0:16:28]} 21. Bd3 {[%clk 0:29:17]} 21... Nf5 {[%clk 0:08:31]} 22. g4 {
[%clk 0:24:12]} 22... Ne3 {[%clk 0:06:25]} 23. Bxe3 {[%clk 0:08:37]} 23... dxe3
{[%clk 0:06:50]} 24. g5 {[%clk 0:06:06]} 24... Bc6 {[%clk 0:07:12]} 25. Qxe3 {
[%clk 0:05:21]} 25... Bxe4 {[%clk 0:04:00]} 26. Bxe4 {[%clk 0:05:48]} 26...
Rxg5 {[%clk 0:04:24]} 27. Kf2 {[%clk 0:04:07]} 27... Kb8 {[%clk 0:03:19]} 28.
Rag1 {[%clk 0:04:22]} 28... Rxg1 {[%clk 0:02:38]} 29. Rxg1 {[%clk 0:04:47]}
29... f5 {[%clk 0:02:42]} 30. Rg8+ {[%clk 0:05:02]} 30... Kc7 {[%clk 0:03:09]}
31. Rxh8 {[%clk 0:04:58]} 31... Qxh8 {[%clk 0:03:33]} 32. Qg3+ {[%clk 0:04:57]}
32... Kb6 {[%clk 0:03:35]} 33. Qd6+ {[%clk 0:05:17]} 1-0

[Event "ODJM A 2017"]
[Site "Willingen GER"]
[Date "2017.06.08"]
[Round "7"]
[White "Holtel, Jasper"]
[Black "Bui, Hai Lam"]
[Result "1/2-1/2"]
[Termination "normal"]
[Board "8"]
[WhiteTitle "FM"]
[WhiteElo "2297"]
[BlackElo "1916"]
[WhiteClock "00:23:20"]
[BlackClock "00:12:35"]
[PlyCount "69"]
[WhiteFideId "12956376"]
[BlackFideId "12975737"]
[EventCountry "GER"]
[EventRounds "9"]
[EventType "swiss"]
[EventDate "2017.06.03"]

1. e4 {[%clk 1:27:58]} 1... e6 {[%clk 1:30:59]} 2. d4 {[%clk 1:28:13]} 2... b6
{[%clk 1:31:25]} 3. Bd3 {[%clk 1:25:17]} 3... Bb7 {[%clk 1:31:45]} 4. Nc3 {
[%clk 1:22:52]} 4... d6 {[%clk 1:31:00]} 5. Nge2 {[%clk 1:21:20]} 5... g6 {
[%clk 1:31:12]} 6. h4 {[%clk 1:20:19]} 6... h6 {[%clk 1:29:11]} 7. Be3 { [%clk
1:18:25]} 7... Ne7 {[%clk 1:28:15]} 8. Qd2 {[%clk 1:17:02]} 8... a6 { [%clk
1:28:35]} 9. O-O-O {[%clk 1:17:03]} 9... Nd7 {[%clk 1:28:50]} 10. h5 { [%clk
1:15:31]} 10... g5 {[%clk 1:28:12]} 11. f4 {[%clk 1:15:38]} 11... gxf4 { [%clk
1:27:13]} 12. Bxf4 {[%clk 1:14:27]} 12... b5 {[%clk 1:27:11]} 13. Rhf1 { [%clk
1:10:05]} 13... Bg7 {[%clk 1:22:31]} 14. Bh2 {[%clk 1:08:07]} 14... Nc6 { [%clk
1:22:07]} 15. d5 {[%clk 1:07:09]} 15... Nce5 {[%clk 1:21:59]} 16. Nf4 { [%clk
1:06:44]} 16... Qe7 {[%clk 1:21:30]} 17. Kb1 {[%clk 0:58:55]} 17... O-O-O
{[%clk 1:21:15]} 18. a4 {[%clk 0:58:11]} 18... b4 {[%clk 1:17:45]} 19. Nce2 {
[%clk 0:57:21]} 19... a5 {[%clk 1:17:24]} 20. Bg1 {[%clk 0:56:41]} 20... Nc5 {
[%clk 1:16:20]} 21. Nd4 {[%clk 0:47:48]} 21... Qd7 {[%clk 1:08:48]} 22. Bb5 {
[%clk 0:47:37]} 22... c6 {[%clk 1:08:37]} 23. dxc6 {[%clk 0:48:00]} 23... Nxc6
{[%clk 1:03:58]} 24. Nb3 {[%clk 0:41:47]} 24... Qc7 {[%clk 1:01:39]} 25. Qe2 {
[%clk 0:39:30]} 25... Ne5 {[%clk 0:57:16]} 26. Nxc5 {[%clk 0:36:01]} 26... dxc5
{[%clk 0:57:40]} 27. Qe3 {[%clk 0:36:17]} 27... Rxd1+ {[%clk 0:30:29]} 28. Rxd1
{[%clk 0:34:38]} 28... Bf6 {[%clk 0:30:09]} 29. Qxc5 {[%clk 0:33:20]} 29...
Qxc5 {[%clk 0:20:05]} 30. Bxc5 {[%clk 0:33:22]} 30... Bxe4 {[%clk 0:19:05]} 31.
Bb6 {[%clk 0:31:50]} 31... b3 {[%clk 0:17:39]} 32. Nd3 {[%clk 0:25:55]} 32...
bxc2+ {[%clk 0:16:07]} 33. Kxc2 {[%clk 0:26:18]} 33... Rg8 {[%clk 0:13:00]} 34.
Bxa5 {[%clk 0:23:40]} 34... Rxg2+ {[%clk 0:12:35]} 35. Rd2 {[%clk 0:23:20]}
1/2-1/2

[Event "ODJM A 2017"]
[Site "Willingen GER"]
[Date "2017.06.08"]
[Round "7"]
[White "Ortmeier, Leonhard"]
[Black "Denisov, Vladislav"]
[Result "0-1"]
[Termination "normal"]
[Board "9"]
[WhiteElo "1921"]
[BlackElo "2172"]
[WhiteClock "00:02:17"]
[BlackClock "00:52:20"]
[PlyCount "80"]
[WhiteFideId "12993662"]
[BlackFideId "4100867"]
[EventCountry "GER"]
[EventRounds "9"]
[EventType "swiss"]
[EventDate "2017.06.03"]

1. e4 {[%clk 1:30:45]} 1... c6 {[%clk 1:30:22]} 2. d4 {[%clk 1:31:09]} 2... d5
{[%clk 1:30:48]} 3. e5 {[%clk 1:26:20]} 3... Bf5 {[%clk 1:30:56]} 4. h4 { [%clk
1:26:13]} 4... h6 {[%clk 1:30:15]} 5. g4 {[%clk 1:23:51]} 5... Bd7 { [%clk
1:30:24]} 6. Be3 {[%clk 1:18:22]} 6... e6 {[%clk 1:30:49]} 7. Qd2 { [%clk
1:17:10]} 7... Qb6 {[%clk 1:30:15]} 8. c4 {[%clk 1:12:40]} 8... c5 { [%clk
1:28:27]} 9. Nc3 {[%clk 1:12:51]} 9... cxd4 {[%clk 1:27:46]} 10. Bxd4 { [%clk
1:12:39]} 10... Qa5 {[%clk 1:28:12]} 11. Rd1 {[%clk 1:04:56]} 11... Nc6 { [%clk
1:23:12]} 12. Nf3 {[%clk 1:03:23]} 12... Nxd4 {[%clk 1:22:04]} 13. Qxd4 { [%clk
1:00:35]} 13... Bc5 {[%clk 1:21:55]} 14. Qd2 {[%clk 0:57:50]} 14... Ne7 { [%clk
1:21:53]} 15. Bg2 {[%clk 0:56:16]} 15... Bc6 {[%clk 1:18:31]} 16. Nd4 { [%clk
0:48:10]} 16... O-O-O {[%clk 1:07:50]} 17. cxd5 {[%clk 0:40:29]} 17... Bxd4
{[%clk 1:06:35]} 18. Qxd4 {[%clk 0:39:55]} 18... Nxd5 {[%clk 1:03:30]} 19. O-O
{[%clk 0:37:33]} 19... Nxc3 {[%clk 1:01:34]} 20. Qxc3 {[%clk 0:34:42]} 20...
Qxc3 {[%clk 1:01:59]} 21. bxc3 {[%clk 0:35:07]} 21... Kc7 {[%clk 1:02:26] } 22.
Rd4 {[%clk 0:33:32]} 22... Rxd4 {[%clk 1:00:34]} 23. cxd4 {[%clk 0:33:54] }
23... Rd8 {[%clk 1:01:01]} 24. Rd1 {[%clk 0:33:48]} 24... Bxg2 { [%clk
0:58:51]} 25. Kxg2 {[%clk 0:33:37]} 25... b5 {[%clk 0:59:12]} 26. Kf3 { [%clk
0:33:58]} 26... Kb6 {[%clk 0:59:36]} 27. Ke4 {[%clk 0:34:05]} 27... Rc8 { [%clk
1:00:02]} 28. Rd2 {[%clk 0:34:24]} 28... Rc1 {[%clk 0:58:41]} 29. f3 { [%clk
0:29:24]} 29... Kc6 {[%clk 0:58:52]} 30. Re2 a5 31. f4 {[%clk 0:27:08]} 31...
b4 {[%clk 0:57:51]} 32. f5 {[%clk 0:25:04]} 32... a4 {[%clk 0:58:16]} 33. fxe6
{[%clk 0:14:58]} 33... fxe6 {[%clk 0:58:43]} 34. g5 {[%clk 0:14:05]} 34... b3
{[%clk 0:53:16]} 35. gxh6 {[%clk 0:13:26]} 35... gxh6 {[%clk 0:53:33]} 36. axb3
{[%clk 0:13:14]} 36... axb3 {[%clk 0:53:59]} 37. d5+ {[%clk 0:06:00]} 37...
exd5+ {[%clk 0:52:15]} 38. Kd3 {[%clk 0:06:19]} 38... Rc4 {[%clk 0:51:40] } 39.
Rb2 {[%clk 0:02:01]} 39... Rxh4 {[%clk 0:51:54]} 40. Rxb3 {[%clk 0:02:17] }
40... Rh3+ {[%clk 0:52:20]} 0-1